[Event "EU-ch U18 27th"]
[Site "Mamaia"]
[Date "2017.09.14"]
[Round "9"]
[White "Karayev, Kanan"]
[Black "Drygalov, Sergey"]
[Result "1/2-1/2"]
[WhiteElo "2266"]
[BlackElo "2415"]
[PlyCount "70"]
[EventDate "2017.09.05"]
[EventType "swiss"]
[EventRounds "9"]
[EventCountry "ROU"]
[SourceTitle "EXT 2018"]
[Source "ChessBase"]
[SourceDate "2017.10.13"]
[SourceVersion "1"]
[SourceVersionDate "2017.10.13"]
[SourceQuality "1"]

1. e4 c5 2. Nf3 e6 3. c3 Nf6 4. e5 Nd5 5. Bc4 d6 6. d4 cxd4 7. cxd4 Nc6 8. 0-0 Be7 9. Bd2 0-0 10. Nc3 Nb6 11. Bb3 dxe5 12. dxe5 Na5 13. Bc2 Nac4 14. Qe2 Nxd2 15. Nxd2 Bd7 16. Nde4 g6 17. Rad1 Qc7 18. Nd6 Bc6 19. Be4 Rad8 20. Bxc6 Qxc6 21. Nce4 Nd5 22. Rc1 Qb6 23. Rfd1 Bxd6 24. Nxd6 Rd7 25. b3 Rc7 26. Qd2 Rd8 27. h4 Ne7 28. Qg5 Rxc1 29. Rxc1 Nf5 30. Nxb7 Rb8 31. Nc5 Rc8 32. Nd7 Rxc1+ 33. Qxc1 Qd8 34. Nf6+ Kg7 35. h5 Qd4 1/2-1/2

[Event "EU-ch U18 27th"]
[Site "Mamaia"]
[Date "2017.09.12"]
[Round "7"]
[White "Haring, Viktor"]
[Black "Karayev, Kanan"]
[Result "1/2-1/2"]
[WhiteElo "2297"]
[BlackElo "2266"]
[PlyCount "52"]
[EventDate "2017.09.05"]
[EventType "swiss"]
[EventRounds "9"]
[EventCountry "ROU"]
[SourceTitle "EXT 2018"]
[Source "ChessBase"]
[SourceDate "2017.10.13"]
[SourceVersion "1"]
[SourceVersionDate "2017.10.13"]
[SourceQuality "1"]

1. e4 e5 2. Nf3 Nc6 3. Bb5 a6 4. Ba4 Nf6 5. 0-0 Be7 6. Re1 b5 7. Bb3 0-0 8. d4 d6 9. c3 Bg4 10. Be3 exd4 11. cxd4 Na5 12. Bc2 Nc4 13. Bc1 c5 14. b3 Nb6 15. Bb2 Rc8 16. Nbd2 Nbd7 17. dxc5 dxc5 18. e5 c4 19. bxc4 bxc4 20. Ne4 Bb4 21. e6 Bxe6 22. Neg5 Nc5 23. Bxh7+ Kh8 24. Qc2 Bxe1 25. Rxe1 Nd3 26. Re4 Nxb2 1/2-1/2

[Event "Olomouc IM-A 20th"]
[Site "Olomouc"]
[Date "2017.08.17"]
[Round "7"]
[White "Szotkowski, Jakub"]
[Black "Karayev, Kanan"]
[Result "1-0"]
[WhiteElo "2374"]
[BlackElo "2228"]
[PlyCount "65"]
[EventDate "2017.08.12"]
[EventType "tourn"]
[EventRounds "9"]
[EventCountry "CZE"]
[EventCategory "2"]
[SourceTitle "CBM 180 Extra"]
[Source "ChessBase"]
[SourceDate "2017.10.06"]
[SourceVersion "1"]
[SourceVersionDate "2017.10.06"]
[SourceQuality "1"]

1. d4 Nf6 2. c4 e6 3. g3 d5 4. Bg2 Bb4+ 5. Bd2 Be7 6. Nf3 0-0 7. 0-0 c6 8. Qc2 Ne4 9. Rd1 Nd7 10. Be1 f5 11. e3 Bf6 12. Nc3 g5 13. b4 Qe7 14. b5 Nb6 15. bxc6 Nxc4 16. Nxe4 fxe4 17. Nd2 Nxd2 18. Bxd2 bxc6 19. Qxc6 Bd7 20. Qa6 Rab8 21. Rab1 Qf7 22. Be1 e5 23. Rxb8 Rxb8 24. Qxa7 Rf8 25. dxe5 Bxe5 26. Bxe4 Be6 27. Qxf7+ Kxf7 28. Bxd5 Bxd5 29. Rxd5 Ke6 30. Ra5 g4 31. Bb4 Rd8 32. Kg2 Rd1 33. Ra7 1-0

[Event "Olomouc IM-A 20th"]
[Site "Olomouc"]
[Date "2017.08.15"]
[Round "5"]
[White "Karayev, Kanan"]
[Black "Mukashev, Assan"]
[Result "1-0"]
[WhiteElo "2228"]
[BlackElo "2199"]
[PlyCount "57"]
[EventDate "2017.08.12"]
[EventType "tourn"]
[EventRounds "9"]
[EventCountry "CZE"]
[EventCategory "2"]
[SourceTitle "CBM 180 Extra"]
[Source "ChessBase"]
[SourceDate "2017.10.06"]
[SourceVersion "1"]
[SourceVersionDate "2017.10.06"]
[SourceQuality "1"]

1. e4 e6 2. d4 d5 3. Nd2 Nf6 4. e5 Nfd7 5. Bd3 c5 6. c3 Nc6 7. Ne2 Qb6 8. Nf3 cxd4 9. cxd4 f6 10. exf6 Nxf6 11. 0-0 Bd6 12. Bf4 Bxf4 13. Nxf4 Qxb2 14. Re1 0-0 15. Re2 Qc3 16. Nxe6 Bxe6 17. Rxe6 Rae8 18. Rxe8 Rxe8 19. Rb1 Ne4 20. Rxb7 Nxd4 21. Bxe4 dxe4 22. Nxd4 Rd8 23. Rxg7+ Kh8 24. Rxa7 Rxd4 25. Ra8+ Kg7 26. Qg4+ Kf6 27. Rf8+ Ke7 28. Qg7+ Ke6 29. Re8+ 1-0

[Event "Pardubice Czech op-A 28th"]
[Site "Pardubice"]
[Date "2017.07.27"]
[Round "7"]
[White "Karayev, Kanan"]
[Black "Lugovskoy, Maxim"]
[Result "0-1"]
[WhiteElo "2247"]
[BlackElo "2453"]
[PlyCount "96"]
[EventDate "2017.07.21"]
[EventType "swiss"]
[EventRounds "9"]
[EventCountry "CZE"]
[SourceTitle "CBM 179 Extra"]
[Source "ChessBase"]
[SourceDate "2017.08.23"]
[SourceVersion "1"]
[SourceVersionDate "2017.08.23"]
[SourceQuality "1"]

1. e4 e6 2. d4 d5 3. Nd2 Nc6 4. Ngf3 Nf6 5. e5 Nd7 6. c3 f6 7. exf6 Qxf6 8. Be2 Bd6 9. Nf1 0-0 10. Ng3 e5 11. dxe5 Ndxe5 12. 0-0 Ne7 13. Nxe5 Bxe5 14. Bg4 c5 15. Bxc8 Raxc8 16. Qg4 Ng6 17. Bg5 Qf7 18. f4 Bc7 19. f5 Ne5 20. Qh4 Nd3 21. Be7 Rfe8 22. f6 g6 23. Qg5 Kh8 24. Rad1 c4 25. Ne2 Bd8 26. Nf4 Nxb2 27. Rb1 Bb6+ 28. Kh1 Nd3 29. Qxd5 Kg8 30. Qxf7+ Kxf7 31. Nd5 Rc6 32. a4 Rb8 33. h3 Bc5 34. Kh2 b6 35. a5 b5 36. Bxc5 Rxc5 37. Ne3 Re8 38. Ng4 Re2 39. Rf3 Rg5 40. Rg3 Kf8 41. Rf1 h5 42. Nh6 Rxg3 43. Kxg3 b4 44. f7 bxc3 45. Rf6 c2 46. Rc6 Rf2 47. Rxc4 c1Q 48. Rxc1 h4+ 0-1

[Event "Pardubice Czech op-A 28th"]
[Site "Pardubice"]
[Date "2017.07.25"]
[Round "5"]
[White "Karayev, Kanan"]
[Black "Grekh, Andrey"]
[Result "0-1"]
[WhiteElo "2247"]
[BlackElo "2395"]
[PlyCount "122"]
[EventDate "2017.07.21"]
[EventType "swiss"]
[EventRounds "9"]
[EventCountry "CZE"]
[SourceTitle "CBM 179 Extra"]
[Source "ChessBase"]
[SourceDate "2017.08.23"]
[SourceVersion "1"]
[SourceVersionDate "2017.08.23"]
[SourceQuality "1"]

1. e4 c5 2. c3 e6 3. Nf3 Nc6 4. d4 cxd4 5. cxd4 d5 6. exd5 exd5 7. Nc3 Bg4 8. Bb5 Be7 9. 0-0 Nf6 10. Qa4 Bxf3 11. Bxc6+ bxc6 12. Qxc6+ Kf8 13. gxf3 h5 14. Bg5 h4 15. Bxf6 Bxf6 16. Qxd5 Qxd5 17. Nxd5 Bxd4 18. Rfd1 Bxb2 19. Rab1 Rb8 20. Rd2 Be5 21. Rxb8+ Bxb8 22. Rc2 g5 23. f4 Kg7 24. Kg2 Rh5 25. Kf3 gxf4 26. Nxf4 Ra5 27. Rc4 Rxa2 28. h3 a5 29. Ne2 Be5 30. Rxh4 a4 31. Rc4 a3 32. Nc1 Ra1 33. Nd3 Bd6 34. Rc6 a2 35. Rxd6 Rd1 36. Ra6 a1Q 37. Rxa1 Rxa1 38. Nf4 Kf6 39. Nh5+ Kg5 40. Ng3 Ra3+ 41. Kg2 f5 42. Ne2 Rb3 43. Ng1 Kf4 44. Ne2+ Ke4 45. Ng3+ Ke5 46. Nf1 Rd3 47. Nh2 Ke4 48. Nf1 f4 49. Nh2 f3+ 50. Kg3 Rd1 51. h4 Rg1+ 52. Kh3 Kf4 53. h5 Rg5 54. Kh4 Rg2 55. Kh3 Rxf2 56. h6 Ra2 57. h7 Ra8 58. Ng4 Rh8 59. Nf6 Kf5 60. Nd5 Ke5 61. Ne3 Ke4 0-1

[Event "Nakhchivan op"]
[Site "Nakhchivan"]
[Date "2017.05.06"]
[Round "4"]
[White "Karayev, Kanan"]
[Black "Muradli, Mahammad"]
[Result "0-1"]
[WhiteElo "2236"]
[BlackElo "2325"]
[PlyCount "84"]
[EventDate "2017.05.03"]
[EventType "swiss"]
[EventRounds "9"]
[EventCountry "AZE"]
[SourceTitle "EXT 2018"]
[Source "ChessBase"]
[SourceDate "2017.10.13"]
[SourceVersion "1"]
[SourceVersionDate "2017.10.13"]
[SourceQuality "1"]

1. e4 g6 2. d4 Bg7 3. Nc3 d6 4. Be3 a6 5. h4 h6 6. Qd2 b5 7. f3 Nd7 8. 0-0-0 Nb6 9. g4 Nf6 10. Bd3 Bb7 11. Nh3 Nfd7 12. Ne2 c5 13. c3 Qc7 14. Kb1 0-0-0 15. g5 h5 16. f4 d5 17. e5 Nc4 18. Qc1 Nxe3 19. Qxe3 c4 20. e6 cxd3 21. exd7+ Rxd7 22. Nc1 Qd8 23. Nxd3 Rc7 24. Nc5 Rxc5 25. dxc5 d4 26. cxd4 Bxh1 27. Rxh1 Qxd4 28. Qxd4 Bxd4 29. Rd1 Rd8 30. f5 gxf5 31. Rf1 e6 32. Nf4 Be5 33. Nxh5 Rh8 34. Nf4 Rxh4 35. Nd3 Bd4 36. g6 fxg6 37. Nf4 Rh2 38. Nxe6 Rxb2+ 39. Kc1 Rxa2 40. Rf3 Ra4 41. Rg3 g5 42. Nxg5 Be5 0-1

[Event "Nakhchivan op"]
[Site "Nakhchivan"]
[Date "2017.05.04"]
[Round "2"]
[White "Karayev, Kanan"]
[Black "Erdogdu, Mert"]
[Result "1/2-1/2"]
[WhiteElo "2236"]
[BlackElo "2448"]
[PlyCount "83"]
[EventDate "2017.05.03"]
[EventType "swiss"]
[EventRounds "9"]
[EventCountry "AZE"]
[SourceTitle "CBM 178 Extra"]
[Source "ChessBase"]
[SourceDate "2017.06.22"]
[SourceVersion "1"]
[SourceVersionDate "2017.06.22"]
[SourceQuality "1"]

1. e4 d5 2. exd5 Qxd5 3. Nc3 Qd6 4. d4 Nf6 5. Nf3 c6 6. Ne5 Nbd7 7. f4 Nb6 8. g4 g6 9. g5 Nh5 10. Ne4 Qc7 11. Bg2 Ng7 12. Qe2 Nf5 13. c3 Bg7 14. h4 Be6 15. h5 0-0-0 16. h6 Bxe5 17. fxe5 Bd5 18. Bf4 Bxe4 19. Qxe4 Nd5 20. 0-0-0 Kb8 21. c4 Nxf4 22. Qxf4 f6 23. gxf6 exf6 24. Rhe1 Rhe8 25. Bh3 fxe5 26. dxe5 Rxd1+ 27. Rxd1 Qxe5 28. Qxe5+ Rxe5 29. Bxf5 Rxf5 30. Rd7 Rf4 31. b3 Rf2 32. Kb1 Rh2 33. Rxh7 a5 34. Rh8+ Kc7 35. h7 Kb6 36. Rg8 Rxh7 37. Rxg6 Rh2 38. Rg5 a4 39. bxa4 Rh4 40. a5+ Ka6 41. Rc5 Rh2 42. Ka1 1/2-1/2

[Event "Moscow op-A 13th"]
[Site "Moscow"]
[Date "2017.01.29"]
[Round "2"]
[White "Levin, Evgeny A"]
[Black "Karayev, Kanan"]
[Result "1-0"]
[WhiteElo "2506"]
[BlackElo "2257"]
[PlyCount "53"]
[EventDate "2017.01.28"]
[EventType "swiss"]
[EventRounds "9"]
[EventCountry "RUS"]
[SourceTitle "EXT 2018"]
[Source "ChessBase"]
[SourceDate "2017.10.13"]
[SourceVersion "1"]
[SourceVersionDate "2017.10.13"]
[SourceQuality "1"]

1. d4 d5 2. c4 e6 3. Nc3 c6 4. e3 Nf6 5. Nf3 Nbd7 6. Qc2 Bd6 7. Bd2 0-0 8. 0-0-0 dxc4 9. e4 e5 10. Bxc4 Qc7 11. dxe5 Nxe5 12. Nxe5 Bxe5 13. Ne2 Ng4 14. Rhf1 Qb6 15. f4 Bc7 16. Rf3 Nxh2 17. Rb3 Qf2 18. Be1 Qf1 19. Bh4 Bxf4+ 20. Kb1 b5 21. Rxf1 bxc4 22. Rxf4 cxb3 23. Qxb3 Ba6 24. Nd4 Nf1 25. Qa3 Bc4 26. Qc3 Rae8 27. Nf5 1-0

[Event "Baku Jafarov Memorial"]
[Site "Baku"]
[Date "2017.01.06"]
[Round "4.3"]
[White "Karayev, Kanan"]
[Black "Timerkhanov, Alexander"]
[Result "1-0"]
[WhiteElo "2257"]
[BlackElo "2360"]
[PlyCount "117"]
[EventDate "2017.01.04"]
[EventType "team-schev"]
[EventRounds "9"]
[EventCountry "AZE"]
[SourceTitle "CBM 176 Extra"]
[Source "ChessBase"]
[SourceDate "2017.03.02"]
[SourceVersion "1"]
[SourceVersionDate "2017.03.02"]
[SourceQuality "1"]
[WhiteTeam "Balion"]
[BlackTeam "Caspian"]
[WhiteTeamCountry "AZE"]
[BlackTeamCountry "AZE"]

1. e4 c5 2. Nf3 d6 3. d4 Nf6 4. Nc3 cxd4 5. Nxd4 a6 6. Bc4 e6 7. Bb3 Nbd7 8. Bg5 Nc5 9. f4 Be7 10. Qf3 Qc7 11. 0-0 b5 12. f5 b4 13. fxe6 fxe6 14. Na4 Nxb3 15. cxb3 e5 16. Nf5 0-0 17. Rac1 Qb7 18. Nxe7+ Qxe7 19. Nb6 Rb8 20. Nd5 Qa7+ 21. Be3 Qa8 22. Rc7 Rb7 23. Nxf6+ Rxf6 24. Rxg7+ Rxg7 25. Qxf6 Bh3 26. Rf2 Rg6 27. Qf7+ Kh8 28. Qf8+ Qxf8 29. Rxf8+ Kg7 30. Rf2 Bd7 31. Rc2 Rf6 32. Rc7 Rf7 33. Bd2 Bb5 34. Rc1 a5 35. Be3 Bd3 36. Rd1 Bxe4 37. Rxd6 Rf6 38. Rd7+ Rf7 39. Rxf7+ Kxf7 40. Bb6 Bb1 41. Bxa5 Bxa2 42. Bxb4 Bxb3 43. Kf2 Ke6 44. Ke3 Kf5 45. Bd6 h5 46. g3 Bc4 47. Kd2 Ke4 48. Kc3 Bf1 49. Bc7 Be2 50. Kb4 Kd4 51. Bb6+ Kd3 52. Kc5 e4 53. b4 e3 54. b5 Bf3 55. Ba5 Ke2 56. Kd4 Kf2 57. Be1+ Ke2 58. h3 h4 59. gxh4 1-0

[Event "Baku op"]
[Site "Baku"]
[Date "2016.09.26"]
[Round "9"]
[White "Mamedjarova, Turkan"]
[Black "Karayev, Kanan"]
[Result "0-1"]
[WhiteElo "2304"]
[BlackElo "2266"]
[PlyCount "58"]
[EventDate "2016.09.18"]
[EventType "swiss"]
[EventRounds "9"]
[EventCountry "AZE"]
[SourceTitle "CBM 174 Extra"]
[Source "ChessBase"]
[SourceDate "2016.10.10"]
[SourceVersion "1"]
[SourceVersionDate "2016.10.10"]
[SourceQuality "1"]

1. e4 c5 2. Nc3 Nc6 3. Bb5 Nd4 4. Bc4 g6 5. d3 Bg7 6. Nge2 e6 7. Bf4 d6 8. 0-0 Ne7 9. Nxd4 cxd4 10. Ne2 0-0 11. Qd2 d5 12. exd5 Nxd5 13. Bh6 Bxh6 14. Qxh6 e5 15. Ng3 Be6 16. Rae1 Qc7 17. f4 Nxf4 18. Rxf4 exf4 19. Nh5 gxh5 20. Qg5+ Kh8 21. Qf6+ Kg8 22. Re5 Rfe8 23. Rg5+ Kf8 24. Rg7 Bxc4 25. Rxh7 Re1+ 26. Kf2 Rf1+ 27. Kxf1 Bxd3+ 28. cxd3 Qc1+ 29. Kf2 Qe3+ 0-1

[Event "Baku op"]
[Site "Baku"]
[Date "2016.09.18"]
[Round "1"]
[White "Karayev, Kanan"]
[Black "Alavi, Sayed Javad"]
[Result "0-1"]
[WhiteElo "2266"]
[BlackElo "2453"]
[PlyCount "60"]
[EventDate "2016.09.18"]
[EventType "swiss"]
[EventRounds "9"]
[EventCountry "AZE"]
[SourceTitle "CBM 174 Extra"]
[Source "ChessBase"]
[SourceDate "2016.10.10"]
[SourceVersion "1"]
[SourceVersionDate "2016.10.10"]
[SourceQuality "1"]

1. e4 c5 2. Nf3 e6 3. c3 Nf6 4. e5 Nd5 5. d4 cxd4 6. Qxd4 Nc6 7. Qe4 d6 8. Bb5 Bd7 9. exd6 Bxd6 10. 0-0 0-0 11. c4 Nf6 12. Qe2 a6 13. Rd1 Qc7 14. Ba4 Ng4 15. h3 Nge5 16. Nxe5 Bxe5 17. Be3 Rad8 18. Nc3 Bc8 19. Rxd8 Rxd8 20. Rd1 Nd4 21. Bxd4 Rxd4 22. Re1 Bd6 23. Rd1 Rxc4 24. Qd3 Be7 25. Bd7 Bf6 26. Ne4 Rxe4 27. Qxe4 Bxd7 28. Qe3 g6 29. Rc1 Bc6 30. b4 Qe5 0-1

[Event "EU-ch U14 26th"]
[Site "Prague"]
[Date "2016.08.19"]
[Round "2"]
[White "Karayev, Kanan"]
[Black "Bango, Lukas"]
[Result "1-0"]
[WhiteElo "2275"]
[BlackElo "2058"]
[PlyCount "75"]
[EventDate "2016.08.18"]
[EventType "swiss"]
[EventRounds "9"]
[EventCountry "CZE"]
[SourceTitle "CBM 174 Extra"]
[Source "ChessBase"]
[SourceDate "2016.10.10"]
[SourceVersion "1"]
[SourceVersionDate "2016.10.10"]
[SourceQuality "1"]

1. e4 d6 2. d4 Nf6 3. Nc3 g6 4. g3 Bg7 5. Bg2 0-0 6. Nge2 e5 7. h3 c6 8. a4 Nbd7 9. 0-0 Re8 10. a5 exd4 11. Nxd4 Nc5 12. Re1 Qc7 13. b4 Ne6 14. Bb2 Nxd4 15. Qxd4 Be6 16. Qd2 Rad8 17. Rad1 b6 18. b5 cxb5 19. Nxb5 Qc5 20. Nd4 Bc8 21. Nb3 Qc7 22. axb6 axb6 23. Ba3 d5 24. exd5 Rxe1+ 25. Rxe1 Nxd5 26. Bxd5 Bc3 27. Qe3 Bxe1 28. Qxe1 Rxd5 29. Qe8+ Kg7 30. Be7 Rd1+ 31. Kh2 Kh6 32. Qf8+ Kh5 33. Qxf7 Bxh3 34. Qxh7+ Kg4 35. Qxh3+ Kf3 36. Qg2+ Ke2 37. f3+ Ke1 38. Bb4+ 1-0

[Event "Poti Aleksandria Cup 11th"]
[Site "Poti"]
[Date "2016.07.17"]
[Round "6"]
[White "Hayrapetyan, Hovik"]
[Black "Karayev, Kanan"]
[Result "1-0"]
[WhiteElo "2476"]
[BlackElo "2310"]
[PlyCount "153"]
[EventDate "2016.07.13"]
[EventType "swiss"]
[EventRounds "9"]
[EventCountry "GEO"]
[SourceTitle "CBM 173 Extra"]
[Source "ChessBase"]
[SourceDate "2016.08.29"]
[SourceVersion "1"]
[SourceVersionDate "2016.08.29"]
[SourceQuality "1"]

1. d4 d5 2. Nf3 Nf6 3. c4 e6 4. Nc3 Be7 5. Bg5 Nbd7 6. e3 0-0 7. cxd5 Nxd5 8. Bxe7 Qxe7 9. Nxd5 exd5 10. Bd3 Nf6 11. Qc2 Ne4 12. 0-0 c6 13. b4 Qxb4 14. Bxe4 dxe4 15. Qxe4 h6 16. Rfb1 Qc3 17. Qe7 Bf5 18. Rc1 Qb2 19. Qc5 Be4 20. Ne5 a5 21. Qc3 Qb4 22. f3 Bd5 23. Qd3 Qd6 24. Qc3 Rfe8 25. a3 f6 26. Nc4 Qe7 27. e4 Bxc4 28. Qxc4+ Qe6 29. Rab1 Qxc4 30. Rxc4 Re7 31. Kf2 Rd8 32. a4 Red7 33. Ke3 Kf7 34. Rc5 Rxd4 35. Rxb7+ Kf8 36. Kf4 R4d7 37. Rxd7 Rxd7 38. Rxa5 Rd2 39. Kg3 Ra2 40. h4 c5 41. Rxc5 Rxa4 42. Kf4 Ra2 43. g3 Ra3 44. h5 Rb3 45. Ra5 Rc3 46. Kg4 Re3 47. Ra4 Kf7 48. Ra1 Kf8 49. Rf1 Kf7 50. Kf5 Ra3 51. Kf4 Ra5 52. g4 Ra3 53. Re1 Ke6 54. Re3 Ra5 55. Rb3 Kf7 56. Ke3 Ra1 57. Rc3 Re1+ 58. Kf4 Ra1 59. Rc7+ Kg8 60. Kf5 Ra5+ 61. Ke6 Ra6+ 62. Ke7 Ra4 63. Rd7 Rb4 64. Ra7 Rc4 65. Ra3 Rb4 66. Rd3 Ra4 67. Ke6 Ra6+ 68. Kf5 Ra5+ 69. Rd5 Ra6 70. f4 Kh7 71. e5 fxe5 72. fxe5 Kg8 73. e6 Kf8 74. Rd8+ Ke7 75. Rd7+ Kf8 76. Kg6 Ra4 77. Rf7+ 1-0

[Event "Poti Aleksandria Cup 11th"]
[Site "Poti"]
[Date "2016.07.14"]
[Round "2"]
[White "Karayev, Kanan"]
[Black "Akhvlediani, Irakli"]
[Result "1/2-1/2"]
[WhiteElo "2310"]
[BlackElo "2109"]
[PlyCount "100"]
[EventDate "2016.07.13"]
[EventType "swiss"]
[EventRounds "9"]
[EventCountry "GEO"]
[SourceTitle "CBM 173 Extra"]
[Source "ChessBase"]
[SourceDate "2016.08.29"]
[SourceVersion "1"]
[SourceVersionDate "2016.08.29"]
[SourceQuality "1"]

1. e4 c5 2. Nf3 e6 3. d4 cxd4 4. Nxd4 a6 5. Bd3 Nf6 6. 0-0 e5 7. Bg5 h6 8. Bxf6 Qxf6 9. Nf5 g6 10. Ne3 Bc5 11. b4 Bd4 12. c3 Ba7 13. Nd5 Qd8 14. Kh1 d6 15. f4 exf4 16. Nxf4 Nc6 17. Nd2 Ne5 18. Nc4 Bg4 19. Qd2 Rc8 20. Na5 Rb8 21. Be2 Bxe2 22. Nxe2 Bb6 23. Nb3 Rc8 24. Nf4 0-0 25. Nd5 Kg7 26. Rad1 Ba7 27. Nd4 Qg5 28. Nf4 Rfe8 29. Nf3 Nc4 30. Nxg5 Nxd2 31. Nge6+ fxe6 32. Rxd2 e5 33. Nd5 Rf8 34. Rxf8 Rxf8 35. g3 Rf2 36. Rxf2 Bxf2 37. Kg2 Ba7 38. Kf3 Kf7 39. g4 Ke6 40. a4 Bg1 41. h3 Ba7 42. Ke2 Bg1 43. Kd3 Bf2 44. a5 Bh4 45. Kc4 Bd8 46. Kb3 Kd7 47. Ka4 Kc6 48. c4 h5 49. b5+ Kc5 50. gxh5 gxh5 1/2-1/2

[Event "Nakhchivan op"]
[Site "Nakhchivan"]
[Date "2016.05.18"]
[Round "9"]
[White "Karayev, Kanan"]
[Black "Sevdimaliyev, Urfan"]
[Result "1/2-1/2"]
[WhiteElo "2216"]
[BlackElo "2400"]
[PlyCount "88"]
[EventDate "2016.05.10"]
[EventType "swiss"]
[EventRounds "9"]
[EventCountry "AZE"]
[SourceTitle "CBM 172 Extra"]
[Source "ChessBase"]
[SourceDate "2016.06.21"]
[SourceVersion "1"]
[SourceVersionDate "2016.06.21"]
[SourceQuality "1"]

1. e4 c5 2. Nf3 Nc6 3. Bb5 d6 4. 0-0 Bd7 5. Re1 a6 6. Bxc6 Bxc6 7. d4 cxd4 8. Qxd4 Nf6 9. Nc3 g6 10. e5 dxe5 11. Qxe5 Bg7 12. Bh6 0-0 13. Bxg7 Kxg7 14. Qxe7 Bxf3 15. Qxd8 Rfxd8 16. gxf3 Nd5 17. Nxd5 Rxd5 18. Rad1 Rad8 19. Rxd5 Rxd5 20. Re3 Rd1+ 21. Kg2 Ra1 22. Rb3 b5 23. Ra3 Rb1 24. b3 Rc1 25. Rxa6 Rxc2 26. b4 g5 27. a3 f6 28. f4 gxf4 29. Kf3 Ra2 30. Ra5 Kg6 31. h4 h5 32. Kxf4 Rxf2+ 33. Ke4 Ra2 34. Kf4 Rf2+ 35. Kg3 Ra2 36. Kf3 Rh2 37. Rxb5 Rh3+ 38. Kg2 Rxa3 39. Rc5 Rb3 40. Rc4 Kf5 41. Rc5+ Kg4 42. Rc4+ Kf5 43. Kf2 Ke5 44. Rc5+ Kf4 1/2-1/2

[Event "Nakhchivan op"]
[Site "Nakhchivan"]
[Date "2016.05.17"]
[Round "8"]
[White "Karayev, Kanan"]
[Black "Asadli, Vugar Afgan Oglu"]
[Result "0-1"]
[WhiteElo "2216"]
[BlackElo "2397"]
[PlyCount "77"]
[EventDate "2016.05.10"]
[EventType "swiss"]
[EventRounds "9"]
[EventCountry "AZE"]
[SourceTitle "CBM 172 Extra"]
[Source "ChessBase"]
[SourceDate "2016.06.21"]
[SourceVersion "1"]
[SourceVersionDate "2016.06.21"]
[SourceQuality "1"]

1. d4 Nf6 2. Nc3 d5 3. Bg5 Bf5 4. Nf3 e6 5. e3 h6 6. Bh4 Bb4 7. Bd3 Bxd3 8. cxd3 c6 9. Qb3 Qb6 10. 0-0 Be7 11. Qc2 Nbd7 12. Ne5 g5 13. Bg3 h5 14. f4 h4 15. Bf2 Nxe5 16. fxe5 Nh5 17. e4 Rh7 18. Be3 g4 19. exd5 cxd5 20. Ne2 Rd8 21. Rac1 Ng7 22. Qc7 Nf5 23. Qxb6 axb6 24. Bf4 Kd7 25. Rc3 Rc8 26. Rfc1 Rc6 27. Rb3 Kc7 28. a3 Rh8 29. Rbc3 Ra8 30. Kf2 Ra4 31. b4 b5 32. Ke1 Kd7 33. Kd2 Bd8 34. Rxc6 bxc6 35. Ra1 Be7 36. Kc3 Bxb4+ 37. Kb3 Be7 38. Kc3 Bd8 39. Kd2 0-1

[Event "Nakhchivan op"]
[Site "Nakhchivan"]
[Date "2016.05.14"]
[Round "5"]
[White "Tiviakov, Sergei"]
[Black "Karayev, Kanan"]
[Result "1-0"]
[WhiteElo "2591"]
[BlackElo "2216"]
[PlyCount "133"]
[EventDate "2016.05.10"]
[EventType "swiss"]
[EventRounds "9"]
[EventCountry "AZE"]
[SourceTitle "CBM 172 Extra"]
[Source "ChessBase"]
[SourceDate "2016.06.21"]
[SourceVersion "1"]
[SourceVersionDate "2016.06.21"]
[SourceQuality "1"]

1. e4 e5 2. Bc4 Nf6 3. d3 Bc5 4. Nf3 Nc6 5. c3 0-0 6. b4 Bb6 7. a4 a6 8. 0-0 d6 9. Bb3 Ne7 10. a5 Ba7 11. Be3 Ng6 12. Nbd2 Bxe3 13. fxe3 d5 14. exd5 Nxd5 15. Bxd5 Qxd5 16. Qc2 Bg4 17. h3 Bxf3 18. Nxf3 Rad8 19. d4 exd4 20. exd4 Rfe8 21. Rae1 f6 22. Qd2 b5 23. Re3 Ne5 24. Nxe5 Rxe5 25. Rxe5 Qxe5 26. Re1 Qd6 27. Qa2+ Kf8 28. Qc2 h6 29. Qe4 Kf7 30. Kf2 c6 31. h4 h5 32. Re3 g6 33. g3 f5 34. Qe5 Qxe5 35. Rxe5 Kf6 36. Kf3 Kf7 37. Ke3 Rd6 38. Kf4 Re6 39. Kg5 Rd6 40. Rc5 Kg7 41. d5 cxd5 42. Rc7+ Kf8 43. Rb7 Rc6 44. Rb6 Rxc3 45. Rxa6 Rxg3+ 46. Kf6 Kg8 47. Rb6 f4 48. a6 Ra3 49. Kxg6 Kf8 50. Kxh5 f3 51. Kg6 f2 52. Rf6+ Kg8 53. Rxf2 Rxa6+ 54. Kf5 Rc6 55. Ke5 Rc4 56. Rf4 Kg7 57. Rd4 Kf7 58. Kxd5 Rc1 59. Re4 Rc2 60. h5 Rh2 61. Re5 Rh4 62. Kc5 Kf6 63. Rd5 Ke6 64. Rd6+ Kf7 65. Kxb5 Rxh5+ 66. Ka6 Ke7 67. Rd1 1-0

[Event "Nakhchivan op"]
[Site "Nakhchivan"]
[Date "2016.05.13"]
[Round "4"]
[White "Karayev, Kanan"]
[Black "Bashirli, Nail Qoshqar"]
[Result "1/2-1/2"]
[WhiteElo "2216"]
[BlackElo "2384"]
[PlyCount "52"]
[EventDate "2016.05.10"]
[EventType "swiss"]
[EventRounds "9"]
[EventCountry "AZE"]
[SourceTitle "CBM 172 Extra"]
[Source "ChessBase"]
[SourceDate "2016.06.21"]
[SourceVersion "1"]
[SourceVersionDate "2016.06.21"]
[SourceQuality "1"]

1. e4 c5 2. Nf3 d6 3. d4 Nf6 4. Nc3 cxd4 5. Nxd4 a6 6. Bg5 e6 7. f4 Qb6 8. Qd2 Qxb2 9. Rb1 Qa3 10. e5 h6 11. Bh4 dxe5 12. fxe5 g5 13. exf6 gxh4 14. Be2 Qa5 15. 0-0 Nd7 16. Kh1 Qg5 17. Rf4 e5 18. Nd5 exd4 19. Qxd4 Kd8 20. Rd1 h3 21. g3 Bd6 22. Bg4 Bxf4 23. Bxd7 Bxd7 24. Qb6+ Ke8 25. Qb4 Kd8 26. Qb6+ Ke8 1/2-1/2

[Event "Nakhchivan op"]
[Site "Nakhchivan"]
[Date "2016.05.10"]
[Round "1"]
[White "Iskandarov, Misratdin"]
[Black "Karayev, Kanan"]
[Result "0-1"]
[WhiteElo "2419"]
[BlackElo "2216"]
[PlyCount "74"]
[EventDate "2016.05.10"]
[EventType "swiss"]
[EventRounds "9"]
[EventCountry "AZE"]
[SourceTitle "CBM 172 Extra"]
[Source "ChessBase"]
[SourceDate "2016.06.21"]
[SourceVersion "1"]
[SourceVersionDate "2016.06.21"]
[SourceQuality "1"]

1. e4 g6 2. d4 Bg7 3. Nc3 d6 4. f4 Nc6 5. Be3 Nf6 6. Nf3 0-0 7. d5 Nb8 8. Qd2 c6 9. 0-0-0 b5 10. dxc6 b4 11. Nd5 Nxc6 12. Nxf6+ Bxf6 13. Bc4 Bb7 14. f5 Rc8 15. Bd5 Na5 16. Kb1 Bxd5 17. Qxd5 Bxb2 18. fxg6 hxg6 19. Bh6 Qc7 20. Qd3 Bg7 21. Bxg7 Kxg7 22. Rd2 Nc4 23. Re2 Na3+ 24. Kb2 Qc3+ 25. Qxc3+ Rxc3 26. Rd1 Rfc8 27. Ne1 Nc4+ 28. Kb1 Na3+ 29. Kb2 Nc4+ 30. Kb1 a5 31. Rc1 a4 32. Nd3 Na3+ 33. Kb2 Nc4+ 34. Kb1 Na3+ 35. Kb2 Nb5 36. Nxb4 a3+ 37. Ka1 R3c4 0-1